MARC details
| 000 -LEADER |
| campo de control de longitud fija |
02634nam a2200493 i 4500 |
| 001 - NÚMERO DE CONTROL |
| campo de control |
194108 |
| 003 - IDENTIFICADOR DE NÚMERO DE CONTROL |
| campo de control |
SpMaBN |
| 005 - FECHA Y HORA DE LA ÚLTIMA TRANSACCIÓN |
| campo de control |
20250812085506.0 |
| 008 - DATOS DE LONGITUD FIJA--INFORMACIÓN GENERAL |
| campo de control de longitud fija |
240301s2009 sp a | ||||o000 0 spa |
| 017 ## - NÚMERO DE COPYRIGHT O DE DEPÓSITO LEGAL |
| Número de copyright o de depósito legal |
M 50848-2009 |
| Agencia que asigna |
Oficina Depósito Legal Madrid |
| 020 ## - NÚMERO INTERNACIONAL ESTÁNDAR DEL LIBRO |
| Número Internacional Estándar del Libro |
9788436258974 |
| 035 ## - NÚMERO DE CONTROL DEL SISTEMA |
| Número de control de sistema |
(OCoLC)540143105 |
| 040 ## - FUENTE DE CATALOGACIÓN |
| Centro catalogador/agencia de origen |
SpMaBN |
| Lengua de catalogación |
spa |
| Centro/agencia transcriptor |
SpMaBN |
| Normas de descripción |
rdc |
| 080 ## - NÚMERO DE LA CLASIFICACIÓN DECIMAL UNIVERSAL |
| Número de la Clasificación Decimal Universal |
294.51(460) |
| 080 ## - NÚMERO DE LA CLASIFICACIÓN DECIMAL UNIVERSAL |
| Número de la Clasificación Decimal Universal |
316.347(460) |
| 080 ## - NÚMERO DE LA CLASIFICACIÓN DECIMAL UNIVERSAL |
| Número de la Clasificación Decimal Universal |
314.7(460) |
| 245 00 - MENCIÓN DEL TÍTULO |
| Título |
Voces del presente : |
| Resto del título |
minorías culturales y religiosas en España : hindúes en Canarias, Ceuta y Melilla / |
| Mención de responsabilidad, etc. |
Víctor Morales Lezcano, Teresa Pereira Rodríguez (coordinadores). |
| 250 ## - MENCION DE EDICION |
| Mención de edición |
1ª ed. diciembre 2009 |
| 260 ## - PUBLICACIÓN, DISTRIBUCIÓN, ETC. |
| Lugar de publicación, distribución, etc. |
[Madrid] : |
| Nombre del editor, distribuidor, etc. |
Universidad Nacional de Educación a Distancia, |
| Fecha de publicación, distribución, etc. |
2009. |
| 300 ## - DESCRIPCIÓN FÍSICA |
| Extensión |
187 p. : |
| Otras características físicas |
il., mapas ; |
| Dimensiones |
24 cm + |
| Material acompañante/anejo |
1 CD-DA |
| 336 ## - TIPO DE CONTENIDO |
| Fuente |
rdacontent |
| Término de tipo de contenido |
texto |
| 337 ## - TIPO DE MEDIO |
| Fuente |
rdamedia |
| Nombre/término del tipo de medio |
sin mediación |
| 338 ## - TIPO DE SOPORTE |
| Fuente |
rdacarrier |
| Nombre/término del tipo de soporte |
volumen |
| 490 1# - MENCIÓN DE SERIE |
| Mención de serie |
Cuadernos UNED ; |
| Designación de volumen o secuencia |
CU 295 |
| 500 ## - NOTA GENERAL |
| Nota general |
Incluye (p. 175-179): Ley orgánica 7/1980, de 5 de julio, de libertad religiosa |
| 520 ## - RESUMEN, ETC. |
| Sumario, etc. |
Los coordinadores y colaboradores de este volumen han tratado de acercarnos a una de las minorías del Estado español más caracterizadas: la colonia hindú, muy en particular, la de los sindhíes, predominante en Tenerife, Las Palmas de Gran Canaria, Ceuta y Melilla. Los testimonios orales, recopilados en el registro sonoro adjunto a este volumen nos sumergen en historias de vida, cargadas de aspiraciones, confrontaciones con el entorno y afirmación del individuo y la colectividad cultural. |
| 546 ## - NOTA DE IDIOMA |
| Nota de lengua/lenguaje |
Textos en español y francés |
| 650 #0 - PUNTO DE ACCESO ADICIONAL DE MATERIA--TÉRMINO DE MATERIA |
| Término de materia o nombre geográfico como elemento de entrada |
Hinduismo- |
| Subdivisión geográfica |
España |
| 9 (RLIN) |
235756 |
| 650 #4 - PUNTO DE ACCESO ADICIONAL DE MATERIA--TÉRMINO DE MATERIA |
| Término de materia o nombre geográfico como elemento de entrada |
Minorías religiosas- |
| Subdivisión geográfica |
España |
| Fuente del encabezamiento o término |
embne |
| 9 (RLIN) |
15067 |
| 650 #4 - PUNTO DE ACCESO ADICIONAL DE MATERIA--TÉRMINO DE MATERIA |
| Término de materia o nombre geográfico como elemento de entrada |
Emigración e inmigración- |
| Subdivisión geográfica |
España |
| Fuente del encabezamiento o término |
embne |
| 9 (RLIN) |
12187 |
| 700 1# - ENTRADA AGREGADA--NOMBRE PERSONAL |
| Nombre de persona |
Morales Lezcano, Víctor |
| 9 (RLIN) |
83046 |
| 700 1# - ENTRADA AGREGADA--NOMBRE PERSONAL |
| Nombre de persona |
Pereira Rodríguez, Teresa |
| 9 (RLIN) |
142190 |
| 710 ## - ENTRADA AGREGADA--NOMBRE DE ENTIDAD CORPORATIVA |
| Nombre de entidad corporativa o nombre de jurisdicción como elemento de entrada |
España |
| Título de la obra |
Ley Orgánica de libertad religiosa, 1980 |
| 9 (RLIN) |
235757 |
| 830 ## - PUNTO DE ACCESO ADICIONAL DE SERIE-TÍTULO UNIFORME |
| 9 (RLIN) |
223638 |
| Título uniforme |
Cuadernos UNED ; |
| Designación de volumen o secuencia |
CU 295 |
| 852 ## - LOCALIZACIÓN |
| Ubicación |
ES-MaACL |
| Sublocalización o colección |
R.155081 |
| Ubicación en estantería |
Depósito J |
| Número de control de estantería |
N-9860 |
| Encuadernación |
Encuadernación rústica |
| Donativo/Legado |
Donante: Teresa Pereira Rodríguez |
| itemnumber |
201801 |
| Anotaciones manuscritas |
Dedicatoria autógrafa de la coordinadora |
| 852 ## - LOCALIZACIÓN |
| Ubicación |
ES-MaACL |
| Ubicación en estantería |
Rotativo |
| Número de control de estantería |
ROT 2/6/22 |
| Donativo/Legado |
Donación: Teresa Pereira Rodríguez |
| itemnumber |
203338 |
| 903 ## - NOMBRE PERSONAL DE DONANTE |
| 9 |
142190 |
| a |
Pereira Rodríguez, Teresa |
| e |
Donante |
| 942 ## - ELEMENTOS DE ENTRADA SECUNDARIOS (KOHA) |
| Tipo de ítem Koha |
Libro impreso |
| Suprimir en OPAC |
No |